=LDR 00000nam 2200000 4500 =001 INLIS000000000016106 =005 20200309062014 =035 ##$$a 0010-061300000016106 =008 200309################g##########0#ind## =041 ##$$a Ind =082 ##$$a 172.095 98 =090 ##$$a 172.095 98, Int i =245 1#$$a Integrasi politik di Indonesia /$c Nazaruddin sjamsuddin =260 ##$$a Jakarta :$b Gramedia,$c 1989 =300 ##$$a Xi, 201 Hlm ; $c 13,5 x 21 Cm. =650 #4$$a Integrasi politik - Indonesia =850 ##$$a NBPNMAT =020 ##$$a 979-403-415-7 =084 ##$$a 172.095 98 SYA i =100 #$$a Syamsudin, nazaruddin =504 ##$$a Bibliografi : hlm. 191 - 194 =520 ##$$a Indeks : hlm. 195 - 201 =990 ##$$a 33.012/hd90 =990 ##$$a 33.013/hd90 =990 ##$$a 39.737/pro91 =990 ##$$a 39.737/pro91 =990 ##$$a 33.012/hd90 =990 ##$$a 33.013/hd90